000 00606nam a2200229Ia 4500
003 OSt
005 20221007071705.0
006 a|||||r|||| 00| 0
007 ta
008 221006b |||||||| |||| 00| 0 eng d
024 _a25,554
037 _cTextual
040 _aFLL
_cFLL
_beng
041 _2eng
_aeng
082 _aV3:26:N4, H6
100 _aWarren J. H.
_9107028
245 0 _aEnglish local government system
260 _aLondon
_bGeorge Allen & Unwin Ltd. UK
_c1946
300 _a182p
_ccm.
942 _hV3:26:N4, H6
_cTEXL
_2CC
999 _c1143981
_d1143981